[Event "Guelph ProAm int"]
[Site "Guelph CAN"]
[Date "2002.08.10"]
[Round "6"]
[White "Schmidt, Tom"]
[Black "Urquhart, Eddie"]
[Result "0-1"]
[WhiteElo "2218"]
[BlackElo "2288"]
[PlyCount "48"]
[EventDate "2002.08.07"]
[EventType "swiss"]
[EventRounds "9"]
[EventCountry "CAN"]

1. e4 c6 2. d4 d5 3. Nd2 dxe4 4. Nxe4 Nf6 5. Nxf6+ gxf6 6. c3 Qd5 7. Be3 Bf5 8.
Ne2 e5 9. Qd2 Nd7 10. Ng3 Bg6 11. f4 Qe6 12. d5 cxd5 13. f5 Bxf5 14. Nxf5 d4
15. cxd4 Qxf5 16. Bd3 e4 17. Bc4 Bd6 18. Rf1 Qg6 19. Bf4 Bxf4 20. Rxf4 O-O-O
21. O-O-O Kb8 22. Kb1 Rc8 23. Bb3 e3+ 24. Qd3 e2 0-1

[Event "Guelph ProAm int"]
[Site "Guelph CAN"]
[Date "2002.08.10"]
[Round "6"]
[White "Tyomkin, Dimitri"]
[Black "Findlay, Ian"]
[Result "1/2-1/2"]
[WhiteElo "2519"]
[BlackElo "2385"]
[PlyCount "106"]
[EventDate "2002.08.07"]
[EventType "swiss"]
[EventRounds "9"]
[EventCountry "CAN"]

1. d4 Nf6 2. c4 c5 3. d5 e6 4. Nc3 exd5 5. cxd5 d6 6. e4 g6 7. Bd3 Bg7 8. h3
O-O 9. Nf3 b5 10. Nxb5 Re8 11. O-O Nxe4 12. Qb3 Qb6 13. Bf4 Ba6 14. a4 Nd7 15.
Qc2 Bxb5 16. Bxb5 Nef6 17. Bc6 Rab8 18. Rab1 Qc7 19. Nd2 Nh5 20. Bh2 Re7 21. g4
Nhf6 22. Nc4 Ne8 23. Rfe1 Ne5 24. Nxe5 Bxe5 25. Bxe5 Rxe5 26. Rxe5 dxe5 27.
Qxc5 Rb3 28. Kg2 Nd6 29. Qc2 Qb6 30. Bb5 Rb4 31. Qc6 Nxb5 32. Qe8+ Kg7 33.
Qxe5+ Qf6 34. Qxf6+ Kxf6 35. axb5 Rxb5 36. Ra1 Rxd5 37. Ra6+ Kg7 38. Rxa7 Rb5
39. Ra2 g5 40. Kf3 Rb3+ 41. Ke4 Rxh3 42. Ra3 Rh1 43. Kf5 h6 44. Rd3 Rc1 45. b3
Rc5+ 46. Ke4 Rb5 47. f3 h5 48. gxh5 Kh6 49. Kd4 Kxh5 50. Kc4 Rb8 51. b4 Rc8+
52. Kd4 f5 53. b5 g4 1/2-1/2

[Event "Guelph ProAm int"]
[Site "Guelph CAN"]
[Date "2002.08.10"]
[Round "6"]
[White "Wight, Keith"]
[Black "Miletic, Damir"]
[Result "1-0"]
[WhiteElo "2147"]
[BlackElo "2229"]
[PlyCount "48"]
[EventDate "2002.08.07"]
[EventType "swiss"]
[EventRounds "9"]
[EventCountry "CAN"]

1. e4 e5 2. Nf3 f5 3. Nxe5 Qf6 4. d4 d6 5. Nc4 fxe4 6. Nc3 Qg6 7. Bf4 Nf6 8.
Qd2 Be7 9. O-O-O O-O 10. Kb1 a6 11. h4 b5 12. Ne3 c6 13. Bg5 d5 14. g4 Bd6 15.
Bh3 h6 16. Bxf6 Qxf6 17. g5 hxg5 18. hxg5 Qxg5 19. Bxc8 Rxc8 20. Rdg1 Qf6 21.
Ne2 Nd7 22. Ng4 Qe6 23. Qg5 Kf7 24. Rh7 Rg8 1-0

[Event "Guelph ProAm int"]
[Site "Guelph CAN"]
[Date "2002.08.10"]
[Round "6"]
[White "Zubac, Marius"]
[Black "Southam, David"]
[Result "1/2-1/2"]
[WhiteElo "2242"]
[BlackElo "2200"]
[PlyCount "50"]
[EventDate "2002.08.07"]
[EventType "swiss"]
[EventRounds "9"]
[EventCountry "CAN"]

1. d4 d5 2. c4 e6 3. Nc3 c6 4. cxd5 exd5 5. Qc2 Bd6 6. Nf3 Ne7 7. Bg5 Bf5 8.
Qxf5 Nxf5 9. Bxd8 Kxd8 10. O-O-O Re8 11. g3 Bb4 12. e3 Nd6 13. Nd2 Nd7 14. Bg2
f5 15. Rhe1 Ne4 16. Ndxe4 fxe4 17. f3 exf3 18. Bxf3 Kc7 19. e4 dxe4 20. Rxe4
Rxe4 21. Nxe4 Rf8 22. Rf1 Be7 23. Kc2 Bf6 24. Kd3 Rd8 25. Ke3 Re8 1/2-1/2

[Event "Guelph ProAm int"]
[Site "Guelph CAN"]
[Date "2002.08.10"]
[Round "7"]
[White "Brice, Ron"]
[Black "Schmidt, Tom"]
[Result "0-1"]
[WhiteElo "2070"]
[BlackElo "2218"]
[PlyCount "54"]
[EventDate "2002.08.07"]
[EventType "swiss"]
[EventRounds "9"]
[EventCountry "CAN"]

1. c4 e5 2. g3 Nc6 3. Bg2 g6 4. Nc3 Bg7 5. e4 d6 6. Nge2 Be6 7. d3 Qd7 8. Nd5
Nce7 9. Nec3 c6 10. Ne3 f5 11. f4 exf4 12. gxf4 Nh6 13. Qc2 O-O 14. O-O Rae8
15. Ne2 Rf7 16. Rb1 fxe4 17. dxe4 Bh3 18. b3 Bxg2 19. Kxg2 Ng4 20. h3 Nxe3+ 21.
Bxe3 Nf5 22. Bxa7 Rfe7 23. e5 dxe5 24. Bc5 exf4 25. Nxf4 Ne3+ 26. Bxe3 Rxe3 27.
Rbd1 Qe7 0-1

[Event "Guelph ProAm int"]
[Site "Guelph CAN"]
[Date "2002.08.10"]
[Round "7"]
[White "Day, Lawrence"]
[Black "Predescu, Sebastian"]
[Result "1-0"]
[WhiteElo "2433"]
[BlackElo "2113"]
[PlyCount "107"]
[EventDate "2002.08.07"]
[EventType "swiss"]
[EventRounds "9"]
[EventCountry "CAN"]

1. e4 c5 2. Nc3 Nc6 3. f4 g6 4. Nf3 Bg7 5. d3 e6 6. Be2 Nge7 7. O-O O-O 8. Qe1
d5 9. Kh1 Nd4 10. Bd1 a6 11. Rb1 b5 12. Nxd4 cxd4 13. Ne2 dxe4 14. dxe4 Bb7 15.
Ng1 d3 16. Bd2 Qd4 17. cxd3 Qxd3 18. Bf3 Rac8 19. Bb4 Rfe8 20. Rd1 Qc4 21. b3
Qc2 22. Rd7 Rc7 23. Rd2 Qc6 24. Rd6 Qc2 25. Rf2 Qc1 26. Rd1 Qc6 27. Ne2 Rd7 28.
Rc1 Qb6 29. Bc5 Qd8 30. h3 Nc6 31. e5 Ne7 32. Bxb7 Rxb7 33. Ng3 Nd5 34. Ne4 Bf8
35. Rd2 Rd7 36. b4 Kh8 37. a3 Qa8 38. Bxf8 Rxf8 39. Qh4 h5 40. Qg5 Kg7 41. Nc5
Ra7 42. Rcd1 Qd8 43. Qg3 Kh7 44. Qf3 Qe7 45. Ne4 Rc8 46. g4 h4 47. f5 Rc4 48.
f6 Qb7 49. Nd6 Qa8 50. Nxc4 bxc4 51. g5 c3 52. Rd3 Rc7 53. Rc1 Qc6 54. Qe4 1-0

[Event "Guelph ProAm int"]
[Site "Guelph CAN"]
[Date "2002.08.10"]
[Round "7"]
[White "Dougherty, Michael"]
[Black "Kret, Ted"]
[Result "0-1"]
[WhiteElo "2404"]
[BlackElo "2149"]
[PlyCount "34"]
[EventDate "2002.08.07"]
[EventType "swiss"]
[EventRounds "9"]
[EventCountry "CAN"]

1. d4 Nf6 2. c4 g6 3. Nc3 Bg7 4. e4 d6 5. Nf3 O-O 6. Be2 e5 7. O-O exd4 8. Nxd4
Re8 9. f3 c6 10. Kh1 Na6 11. Bg5 Nc5 12. b4 Ne6 13. Be3 a5 14. b5 Nxd4 15. Bxd4
c5 16. Be3 Ng4 17. Bd2 Nxh2 0-1

[Event "Guelph ProAm int"]
[Site "Guelph CAN"]
[Date "2002.08.10"]
[Round "7"]
[White "Findlay, Ian"]
[Black "Peredun, Andrew"]
[Result "1/2-1/2"]
[WhiteElo "2385"]
[BlackElo "2286"]
[PlyCount "57"]
[EventDate "2002.08.07"]
[EventType "swiss"]
[EventRounds "9"]
[EventCountry "CAN"]

1. e4 c5 2. Nf3 d6 3. d4 cxd4 4. Nxd4 Nf6 5. Nc3 a6 6. Be2 e5 7. Nb3 Be7 8. O-O
Be6 9. a4 Nbd7 10. Re1 Rc8 11. Bf1 O-O 12. Nd5 Bxd5 13. exd5 Nb6 14. f4 exf4
15. Bxf4 Nbxd5 16. Bg3 Re8 17. c4 Nb6 18. Qd4 d5 19. c5 Nbd7 20. Rac1 Nf8 21.
Bd3 Ne6 22. Qb4 Nd7 23. Bf2 Qc7 24. Bg3 Qc6 25. Bd6 Bxd6 26. cxd6 Qb6+ 27. Qxb6
Nxb6 28. Na5 Rb8 29. b3 1/2-1/2

[Event "Guelph ProAm int"]
[Site "Guelph CAN"]
[Date "2002.08.10"]
[Round "7"]
[White "Hamilton, Robert"]
[Black "Rolfe, Warrick"]
[Result "1-0"]
[WhiteElo "2370"]
[BlackElo "2221"]
[PlyCount "45"]
[EventDate "2002.08.07"]
[EventType "swiss"]
[EventRounds "9"]
[EventCountry "CAN"]

1. d4 Nf6 2. c4 g6 3. Nc3 Bg7 4. e4 d6 5. f3 O-O 6. Be3 e5 7. Nge2 exd4 8. Nxd4
Re8 9. Qd2 Nc6 10. Be2 Nh5 11. O-O f5 12. Nxc6 bxc6 13. Rae1 Rb8 14. Bd3 f4 15.
Bxa7 c5 16. Bxb8 Bd4+ 17. Rf2 Qh4 18. Nb5 Re5 19. Nxd4 cxd4 20. Kf1 Qxh2 21.
Ke2 Ng3+ 22. Kd1 g5 23. Bxc7 1-0

[Event "Guelph ProAm int"]
[Site "Guelph CAN"]
[Date "2002.08.10"]
[Round "7"]
[White "Jung, Hans"]
[Black "Obrovac, Zvonko"]
[Result "1-0"]
[WhiteElo "2270"]
[BlackElo "2014"]
[PlyCount "73"]
[EventDate "2002.08.07"]
[EventType "swiss"]
[EventRounds "9"]
[EventCountry "CAN"]

1. e4 c5 2. d4 cxd4 3. c3 dxc3 4. Nxc3 Nc6 5. Nf3 e6 6. Bc4 Nge7 7. Qe2 Ng6 8.
O-O Qc7 9. Bg5 f6 10. Be3 Be7 11. Rac1 O-O 12. h4 Nh8 13. h5 Nf7 14. Rfd1 a6
15. a4 Qa5 16. Nh4 Nce5 17. Ba2 f5 18. Nxf5 exf5 19. Nd5 Qxa4 20. Nxe7+ Kh8 21.
Bxf7 Rxf7 22. Rxc8+ Rxc8 23. Nxc8 f4 24. Bd4 f3 25. Qe1 Nc6 26. Nd6 Rf4 27. Nf5
Kg8 28. g3 Rg4 29. Rd3 Rg5 30. Rxf3 h6 31. Bc3 b5 32. Bxg7 Rxg7 33. Nxg7 Kxg7
34. Qc3+ Qd4 35. Qxd4+ Nxd4 36. Rd3 Ne6 37. Rxd7+ 1-0

[Event "Guelph ProAm int"]
[Site "Guelph CAN"]
[Date "2002.08.10"]
[Round "7"]
[White "Kagramanov, Dina"]
[Black "Mazock, Michael"]
[Result "0-1"]
[WhiteElo "2057"]
[BlackElo "2193"]
[PlyCount "62"]
[EventDate "2002.08.07"]
[EventType "swiss"]
[EventRounds "9"]
[EventCountry "CAN"]

1. e4 c5 2. Nf3 d6 3. d4 cxd4 4. Qxd4 a6 5. c4 Nc6 6. Qd2 g6 7. b3 Bg7 8. Bb2
Nf6 9. Bd3 Bg4 10. Nd4 Nxd4 11. Bxd4 O-O 12. O-O b5 13. f3 bxc4 14. Bxc4 Bd7
15. Qd3 a5 16. Nc3 Bc6 17. Rad1 Qc7 18. a3 Qb7 19. Qe2 Rfd8 20. Nd5 e5 21. Bc3
Nxd5 22. exd5 Bd7 23. b4 Rdc8 24. Bd2 Rxc4 25. Qxc4 Bb5 26. Qb3 Bxf1 27. Rxf1
axb4 28. axb4 Qb6+ 29. Kh1 Rc8 30. h3 Bh6 31. Qd3 Bf4 0-1

[Event "Guelph ProAm int"]
[Site "Guelph CAN"]
[Date "2002.08.10"]
[Round "7"]
[White "Legky, Nikolay"]
[Black "Degraeve, Jean Marc"]
[Result "1/2-1/2"]
[WhiteElo "2488"]
[BlackElo "2635"]
[PlyCount "90"]
[EventDate "2002.08.07"]
[EventType "swiss"]
[EventRounds "9"]
[EventCountry "CAN"]

1. d4 g6 2. Nf3 Bg7 3. c4 c5 4. d5 d6 5. e4 e6 6. Bd3 exd5 7. exd5 Qe7+ 8. Qe2
Bg4 9. Nbd2 Nd7 10. Qxe7+ Nxe7 11. h3 Bf5 12. Ne4 O-O 13. O-O Rae8 14. Bb1 Bxe4
15. Bxe4 b5 16. cxb5 Nf6 17. Nd2 Nexd5 18. Bxd5 Nxd5 19. Nc4 Re6 20. Rd1 Nb6
21. Nxd6 Rd8 22. Bf4 Bxb2 23. Nb7 Rxd1+ 24. Rxd1 c4 25. Nd8 Re4 26. Bh6 f6 27.
Bc1 c3 28. Nc6 Kg7 29. Nxa7 Ra4 30. Nc6 Rxa2 31. Nd4 Ra1 32. Ne2 g5 33. f3 Kg6
34. Kf2 Nc4 35. g4 c2 36. Rf1 Rb1 37. f4 gxf4 38. Nxf4+ Kf7 39. Nd3 Bd4+ 40.
Ke2 Ke6 41. Rf5 Ne5 42. Rf1 Nc4 43. Rf5 Bb2 44. Rc5 Bxc1 45. Rxc4 Bg5 1/2-1/2

[Event "Guelph ProAm int"]
[Site "Guelph CAN"]
[Date "2002.08.10"]
[Round "7"]
[White "Masse, Hugues"]
[Black "Hacatoglu, Kevork"]
[Result "0-1"]
[WhiteElo "2155"]
[BlackElo "2245"]
[PlyCount "74"]
[EventDate "2002.08.07"]
[EventType "swiss"]
[EventRounds "9"]
[EventCountry "CAN"]

1. e4 e6 2. d4 d5 3. e5 c5 4. c3 Qb6 5. Nf3 Nc6 6. a3 Nh6 7. b4 cxd4 8. cxd4
Nf5 9. Bb2 Bd7 10. Be2 Be7 11. O-O O-O 12. g4 Nh4 13. Nxh4 Bxh4 14. Qd3 f6 15.
exf6 Bxf6 16. Rd1 Bh4 17. f3 Rf4 18. b5 Ne7 19. a4 Ng6 20. a5 Qd8 21. Nd2 Rf7
22. Bf1 Nf4 23. Qe3 Bg5 24. Qe5 Ng6 25. Qe2 Bf4 26. Nb3 Qh4 27. b6 a6 28. Bc3
Re8 29. Be1 Qg5 30. Bg2 h5 31. h3 e5 32. dxe5 Bxe5 33. Qc2 hxg4 34. fxg4 Qf4
35. Bf2 Qh2+ 36. Kf1 Bb5+ 37. Rd3 Nf4 0-1

[Event "Guelph ProAm int"]
[Site "Guelph CAN"]
[Date "2002.08.10"]
[Round "7"]
[White "Miletic, Damir"]
[Black "Egorov, Mikhail"]
[Result "1-0"]
[WhiteElo "2229"]
[BlackElo "2092"]
[PlyCount "53"]
[EventDate "2002.08.07"]
[EventType "swiss"]
[EventRounds "9"]
[EventCountry "CAN"]

1. e4 c5 2. Nf3 Nc6 3. Bc4 e6 4. O-O Qc7 5. Re1 d6 6. c3 Be7 7. d4 cxd4 8. cxd4
a6 9. d5 Na5 10. Bf1 e5 11. Nbd2 Nf6 12. b4 O-O 13. bxa5 Qxa5 14. Nc4 Qd8 15.
a4 b6 16. Be3 Nd7 17. a5 b5 18. Nb6 Nxb6 19. axb6 Bd7 20. Qd2 Qb8 21. Rec1 Rc8
22. Rxc8+ Bxc8 23. Qc3 Bd7 24. Qc7 Qxc7 25. bxc7 a5 26. Bxb5 Bxb5 27. Rxa5 1-0

[Event "Guelph ProAm int"]
[Site "Guelph CAN"]
[Date "2002.08.10"]
[Round "7"]
[White "Ochkoos, Jura"]
[Black "Urquhart, Eddie"]
[Result "0-1"]
[WhiteElo "2341"]
[BlackElo "2288"]
[PlyCount "80"]
[EventDate "2002.08.07"]
[EventType "swiss"]
[EventRounds "9"]
[EventCountry "CAN"]

1. d4 Nf6 2. c4 e6 3. Nc3 Bb4 4. e3 c5 5. Nf3 O-O 6. Bd3 d5 7. O-O Nc6 8. Na4
cxd4 9. exd4 dxc4 10. Bxc4 b6 11. a3 Be7 12. Nc3 Bb7 13. Bd3 g6 14. Bc2 Rc8 15.
Re1 Re8 16. Bh6 a6 17. Qd2 b5 18. Rad1 Qc7 19. Be3 Qb6 20. Bb1 Bf8 21. Bg5 Nd5
22. Ne4 Na5 23. Ne5 Nc4 24. Nxc4 bxc4 25. Nf6+ Nxf6 26. Bxf6 Bg7 27. Bxg7 Kxg7
28. Re3 Rh8 29. Rh3 h6 30. Rg3 Rcd8 31. Qf4 Qd6 32. Qg4 e5 33. h4 h5 34. Qe2
Qf6 35. Qxc4 Rxd4 36. Rxd4 exd4 37. Qc7 Rc8 38. Qxb7 Rc1+ 39. Kh2 Qxh4+ 40. Rh3
Qf4+ 0-1

[Event "Guelph ProAm int"]
[Site "Guelph CAN"]
[Date "2002.08.10"]
[Round "7"]
[White "Patterson, Roger"]
[Black "Milicevic, Goran"]
[Result "0-1"]
[WhiteElo "2225"]
[BlackElo "2414"]
[PlyCount "96"]
[EventDate "2002.08.07"]
[EventType "swiss"]
[EventRounds "9"]
[EventCountry "CAN"]

1. e4 e6 2. d4 d5 3. Nc3 Bb4 4. e5 Ne7 5. Bd2 b6 6. Nf3 Qd7 7. a3 Bxc3 8. Bxc3
Ba6 9. Bxa6 Nxa6 10. Qe2 Nb8 11. b4 Qc6 12. Bb2 Qc4 13. Qd3 Nd7 14. Nd2 Qxd3
15. cxd3 O-O 16. O-O c5 17. dxc5 bxc5 18. bxc5 Nxc5 19. d4 Na4 20. Rab1 Rfc8
21. Rfc1 Rxc1+ 22. Bxc1 Rc8 23. Kf1 h6 24. Nf3 Rc2 25. Bd2 Nc6 26. Ke1 Nb2 27.
Rc1 Nd3+ 28. Kd1 Rxc1+ 29. Bxc1 Nxf2+ 30. Kc2 g5 31. Be3 Ne4 32. Kb3 Kg7 33. g4
Na5+ 34. Kb4 Nc4 35. Bg1 a5+ 36. Ka4 Nc3+ 37. Kb3 Ne2 38. Bf2 Kg6 39. Ka4 h5
40. h3 Nf4 41. Ng1 Nd3 42. Be3 Nxe3 43. Kxa5 Nc4+ 44. Ka4 hxg4 45. hxg4 Nf2 46.
Kb4 Nxg4 47. a4 Nge3 48. a5 Nc2+ 0-1

[Event "Guelph ProAm int"]
[Site "Guelph CAN"]
[Date "2002.08.10"]
[Round "7"]
[White "Rubanovski, Vladimir"]
[Black "Zubac, Marius"]
[Result "1/2-1/2"]
[WhiteElo "2020"]
[BlackElo "2242"]
[PlyCount "107"]
[EventDate "2002.08.07"]
[EventType "swiss"]
[EventRounds "9"]
[EventCountry "CAN"]

1. d4 d5 2. Nf3 c6 3. Bf4 Nf6 4. e3 Bg4 5. Bd3 Nbd7 6. Nbd2 e6 7. c3 Be7 8. h3
Bh5 9. O-O O-O 10. e4 dxe4 11. Nxe4 Nxe4 12. Bxe4 Nf6 13. Bd3 Qd5 14. g4 Bg6
15. Bxg6 fxg6 16. Ne5 Rad8 17. Bg3 Ne4 18. Qb3 c5 19. Qxd5 Rxd5 20. Rad1 Rfd8
21. Rfe1 Nxg3 22. fxg3 cxd4 23. cxd4 Rxd4 24. Rxd4 Rxd4 25. Rc1 Bf6 26. Nf3 Rd7
27. b3 g5 28. Kf2 h6 29. Ke2 Kf7 30. h4 gxh4 31. gxh4 g5 32. hxg5 hxg5 33. Ke3
b6 34. Rc4 Ke7 35. Rc6 Kf7 36. Rc2 Rb7 37. Rc8 a5 38. Rc4 Ke7 39. Rc8 Rd7 40.
Rc6 Rd6 41. Rc7+ Rd7 42. Rc8 Kd6 43. Rf8 Be7 44. Rg8 Kc5 45. Nxg5 Bxg5+ 46.
Rxg5+ Kb4 47. Rh5 Rg7 48. Kf4 Rf7+ 49. Ke5 Rf2 50. Kxe6 Rxa2 51. g5 Rg2 52. Kf6
Rf2+ 53. Ke6 Re2+ 54. Kf6 1/2-1/2

[Event "Guelph ProAm int"]
[Site "Guelph CAN"]
[Date "2002.08.10"]
[Round "7"]
[White "Saint Amand, Paul"]
[Black "Buscar, Michael"]
[Result "1-0"]
[WhiteElo "2149"]
[BlackElo "2041"]
[PlyCount "109"]
[EventDate "2002.08.07"]
[EventType "swiss"]
[EventRounds "9"]
[EventCountry "CAN"]

1. e4 e5 2. Nf3 Nf6 3. Nxe5 d6 4. Nf3 Nxe4 5. d4 d5 6. Bd3 Nc6 7. O-O Be7 8.
Re1 Bf5 9. c4 Nb4 10. Be2 O-O 11. a3 Nc6 12. Nc3 Nxc3 13. bxc3 Bf6 14. Bf4 Na5
15. cxd5 Qxd5 16. Bxc7 b6 17. Be5 Rac8 18. Bd3 Bg6 19. Bxf6 gxf6 20. Re3 Nc4
21. Bxc4 Qxc4 22. Nd2 Qd5 23. Qf3 Qxf3 24. Nxf3 Rc7 25. Rc1 Rfc8 26. Nd2 Rd7
27. Rce1 Kg7 28. f3 a5 29. a4 Rd5 30. Ra1 b5 31. axb5 Rxb5 32. Ra2 Rcb8 33. c4
Rb2 34. Rea3 Bb1 35. Rxb2 Rxb2 36. Nxb1 Rxb1+ 37. Kf2 Rb4 38. Rc3 Kf8 39. Ke3
Rb2 40. c5 Ke7 41. d5 Rb8 42. Kd3 Kd7 43. g4 h6 44. h4 Kc7 45. h5 Rb5 46. Kd4
Rb8 47. c6 Kd6 48. Rc4 a4 49. c7 Rc8 50. Rxa4 Rxc7 51. Ra6+ Kd7 52. Rxf6 Ke8
53. Rxh6 Rc1 54. Ra6 Rd1+ 55. Ke5 1-0

[Event "Guelph ProAm int"]
[Site "Guelph CAN"]
[Date "2002.08.10"]
[Round "7"]
[White "Wight, Keith"]
[Black "Rodina, Nataliya"]
[Result "1-0"]
[WhiteElo "2147"]
[BlackElo "1879"]
[PlyCount "71"]
[EventDate "2002.08.07"]
[EventType "swiss"]
[EventRounds "9"]
[EventCountry "CAN"]

1. e4 c5 2. Nf3 a6 3. c3 e6 4. d4 d5 5. e5 Nc6 6. Bd3 Qb6 7. O-O Bd7 8. dxc5
Bxc5 9. b4 Be7 10. a4 Qc7 11. Re1 f6 12. Bf4 g5 13. Bg3 Qd8 14. exf6 Bxf6 15.
Ra2 Nh6 16. Rae2 O-O 17. b5 axb5 18. axb5 Ne7 19. h4 Nef5 20. Be5 Nxh4 21. Nxh4
gxh4 22. Nd2 Bxe5 23. Rxe5 Qf6 24. Qe2 Qf4 25. Nf3 Ra5 26. Rg5+ Kh8 27. Rh5 h3
28. Qe5+ Rf6 29. Qxf4 Rxf4 30. Rxh6 Bxb5 31. Bxh7 Kg7 32. Rxh3 Ra3 33. Rxe6
Ra1+ 34. Kh2 Bd7 35. Re7+ Rf7 36. Rg3+ 1-0

[Event "Guelph ProAm int"]
[Site "Guelph CAN"]
[Date "2002.08.11"]
[Round "8"]
[White "Buscar, Michael"]
[Black "Egorov, Mikhail"]
[Result "1/2-1/2"]
[WhiteElo "2041"]
[BlackElo "2092"]
[PlyCount "99"]
[EventDate "2002.08.07"]
[EventType "swiss"]
[EventRounds "9"]
[EventCountry "CAN"]

1. d4 Nf6 2. c4 g6 3. Nc3 d5 4. cxd5 Nxd5 5. e4 Nxc3 6. bxc3 Bg7 7. Ba3 Nd7 8.
Qb3 c5 9. Nf3 O-O 10. Be2 cxd4 11. cxd4 Nf6 12. e5 Be6 13. exf6 Bxb3 14. fxg7
Qa5+ 15. Nd2 Kxg7 16. axb3 Rac8 17. Bb2 Qg5 18. g3 Rc2 19. Nc4 b5 20. Bd3 Rxf2
21. Kxf2 bxc4 22. Be2 Qf5+ 23. Ke3 Qg5+ 24. Kf2 Rb8 25. d5+ f6 26. Rhd1 Rxb3
27. Bd4 Qf5+ 28. Kg1 c3 29. Rac1 c2 30. Re1 Rb1 31. Bxa7 Qe4 32. Kf2 Qf5+ 33.
Bf3 g5 34. g4 Rxc1 35. Rxc1 Qf4 36. Rxc2 Qxh2+ 37. Bg2 Qf4+ 38. Bf3 h5 39. Ke2
hxg4 40. Bg2 Qg3 41. Kf1 Qe5 42. Bf2 g3 43. Re2 Qf4 44. Rxe7+ Kf8 45. Re2 gxf2
46. Rxf2 Qd4 47. Ke1 Kg7 48. Rd2 Qa1+ 49. Kf2 Qa7+ 50. Ke1 1/2-1/2

[Event "Guelph ProAm int"]
[Site "Guelph CAN"]
[Date "2002.08.11"]
[Round "8"]
[White "Degraeve, Jean Marc"]
[Black "Arencibia, Walter"]
[Result "0-1"]
[WhiteElo "2635"]
[BlackElo "2534"]
[PlyCount "137"]
[EventDate "2002.08.07"]
[EventType "swiss"]
[EventRounds "9"]
[EventCountry "CAN"]

1. e4 e6 2. d4 d5 3. e5 c5 4. c3 Nc6 5. Nf3 Qb6 6. a3 c4 7. Nbd2 Na5 8. Be2 Bd7
9. O-O Ne7 10. Re1 Qc7 11. Rb1 Nc8 12. Nf1 Nb6 13. Bf4 h6 14. Qd2 Be7 15. h4
O-O-O 16. Bg3 Rdg8 17. h5 Qd8 18. N3h2 Kb8 19. Bg4 Ka8 20. Ne3 Qf8 21. f4 f5
22. Bf3 g5 23. hxg6 h5 24. Bf2 Nb3 25. Qe2 h4 26. Nd1 Qh6 27. Be3 Be8 28. Nf2
Nd7 29. Nh3 Nf8 30. Kf2 Qxg6 31. Rh1 Qg3+ 32. Kf1 Rh7 33. Qf2 Qg7 34. Ke2 Bd8
35. Rbg1 Qd7 36. Qe1 a5 37. Nf1 Qb5 38. Nf2 Rhg7 39. Nh3 Ng6 40. Kf2 Nh8 41.
Nd2 Nf7 42. Nxb3 cxb3 43. Qd2 Qa6 44. Ng5 Nxg5 45. fxg5 Rxg5 46. Bxg5 Bxg5 47.
Qd1 Bf4 48. Be2 Qb6 49. g4 hxg3+ 50. Kg2 Bxe5 51. Rh3 Bb8 52. Rgh1 e5 53. Rh6
Bc6 54. Rf1 f4 55. dxe5 Bxe5 56. Bf3 Rd8 57. Qe2 Bb8 58. Rd1 Re8 59. Qf1 Qc5
60. Rd4 Bb5 61. Qd1 Bc4 62. Rh5 Qb6 63. Qd2 Bc7 64. Rh7 Qc5 65. Qd1 Ka7 66. Qd2
Re3 67. Qd1 Qb6 68. Rd2 Be5 69. Qh1 0-1

[Event "Guelph ProAm int"]
[Site "Guelph CAN"]
[Date "2002.08.11"]
[Round "8"]
[White "Demmery, Steve"]
[Black "Kagramanov, Dina"]
[Result "1-0"]
[WhiteElo "2160"]
[BlackElo "2067"]
[PlyCount "75"]
[EventDate "2002.08.07"]
[EventType "swiss"]
[EventRounds "9"]
[EventCountry "CAN"]

1. d4 d5 2. c4 c6 3. cxd5 cxd5 4. Nc3 Nc6 5. Nf3 Nf6 6. Bg5 Ne4 7. e3 Nxc3 8.
bxc3 g6 9. Bd3 Bg7 10. Rb1 O-O 11. O-O Qa5 12. Qb3 Bg4 13. Nd2 e5 14. h3 Be6
15. Rfd1 Rac8 16. Qb2 Nd8 17. Be7 Re8 18. Bc5 Bd7 19. c4 e4 20. Bb4 Qa6 21. Bc2
dxc4 22. Nxe4 Nc6 23. Nc5 Qb5 24. Nxd7 Nxb4 25. Qxb4 Qxd7 26. Ba4 Qe6 27. Bxe8
Qxe8 28. Qxb7 a5 29. Qd5 c3 30. Rdc1 a4 31. Qb5 Qxb5 32. Rxb5 Bf8 33. Rc2 Kg7
34. Kf1 Rc4 35. Ke2 Rb4 36. Rxb4 Bxb4 37. Kd3 Kf6 38. Rxc3 1-0

[Event "Guelph ProAm int"]
[Site "Guelph CAN"]
[Date "2002.08.11"]
[Round "8"]
[White "Divljan, Igor"]
[Black "Mazock, Michael"]
[Result "1/2-1/2"]
[WhiteElo "2271"]
[BlackElo "2193"]
[PlyCount "68"]
[EventDate "2002.08.07"]
[EventType "swiss"]
[EventRounds "9"]
[EventCountry "CAN"]

1. d4 d5 2. c4 c6 3. Nf3 Nf6 4. Nc3 a6 5. a4 e6 6. e3 Nbd7 7. Bd3 Bd6 8. O-O
O-O 9. e4 dxc4 10. Bxc4 e5 11. Be3 Qc7 12. h3 b6 13. Rc1 Bb7 14. Qc2 exd4 15.
Nxd4 Bh2+ 16. Kh1 Bf4 17. Bxf4 Qxf4 18. Nde2 Qh4 19. Kg1 Ne5 20. Ba2 c5 21. f4
Nc6 22. Nd5 Nxd5 23. Bxd5 Nb4 24. Qc4 Nxd5 25. exd5 a5 26. Nc3 Ba6 27. Nb5 Rad8
28. Rcd1 Bxb5 29. Qxb5 Rd6 30. Qe2 h6 31. Qe5 Rfd8 32. Rd3 Kf8 33. Qe4 Kg8 34.
b3 Qf6 1/2-1/2

[Event "Guelph ProAm int"]
[Site "Guelph CAN"]
[Date "2002.08.11"]
[Round "8"]
[White "Fedorowicz, John"]
[Black "Tyomkin, Dimitri"]
[Result "1/2-1/2"]
[WhiteElo "2545"]
[BlackElo "2519"]
[PlyCount "51"]
[EventDate "2002.08.07"]
[EventType "swiss"]
[EventRounds "9"]
[EventCountry "CAN"]

1. e4 c5 2. Nf3 d6 3. d4 cxd4 4. Nxd4 Nf6 5. Nc3 Nc6 6. Bg5 e6 7. Qd2 Nxd4 8.
Qxd4 Be7 9. O-O-O O-O 10. f3 a6 11. h4 b5 12. Kb1 Bb7 13. Qd2 Qc7 14. Ne2 Rfd8
15. Nd4 Rac8 16. Bd3 Qb6 17. Be3 Qc7 18. Bg5 Qb6 19. Be2 Qc7 20. g4 e5 21. Nf5
d5 22. Nxe7+ Qxe7 23. exd5 Rxd5 24. Qe3 h6 25. Bxf6 Qxf6 26. Rxd5 1/2-1/2

[Event "Guelph ProAm int"]
[Site "Guelph CAN"]
[Date "2002.08.11"]
[Round "8"]
[White "Findlay, Ian"]
[Black "Krnan, Tomas"]
[Result "1/2-1/2"]
[WhiteElo "2385"]
[BlackElo "2165"]
[PlyCount "53"]
[EventDate "2002.08.07"]
[EventType "swiss"]
[EventRounds "9"]
[EventCountry "CAN"]

1. e4 d5 2. exd5 Nf6 3. d4 Nxd5 4. c4 Nb6 5. Nc3 e5 6. Qe2 Qxd4 7. Nf3 Qg4 8.
h3 Qe6 9. Nxe5 f6 10. Nf3 Qxe2+ 11. Bxe2 Be6 12. b3 Nc6 13. O-O O-O-O 14. Be3
a6 15. Rfd1 Ba3 16. Rxd8+ Rxd8 17. Rd1 Rxd1+ 18. Bxd1 Nd7 19. Bc2 g6 20. Nd4
Nxd4 21. Bxd4 Bb2 22. Ne2 Bxd4 23. Nxd4 Bf7 24. f4 c5 25. Ne2 f5 26. Kf2 Kc7
27. Ke3 1/2-1/2

[Event "Guelph ProAm int"]
[Site "Guelph CAN"]
[Date "2002.08.11"]
[Round "8"]
[White "Kret, Ted"]
[Black "Garcia, Alvaro"]
[Result "0-1"]
[WhiteElo "2149"]
[BlackElo "2266"]
[PlyCount "120"]
[EventDate "2002.08.07"]
[EventType "swiss"]
[EventRounds "9"]
[EventCountry "CAN"]

1. d4 e6 2. c4 d5 3. Nc3 c6 4. Nf3 f5 5. Bf4 Nf6 6. e3 Bd6 7. Qc2 O-O 8. Bd3
Kh8 9. Bxd6 Qxd6 10. c5 Qe7 11. Ne5 Nbd7 12. Nxd7 Bxd7 13. O-O-O e5 14. dxe5
Qxe5 15. Kb1 Qe7 16. Ne2 b6 17. Rc1 Ng4 18. Nf4 bxc5 19. h3 Ne5 20. h4 c4 21.
Be2 Rab8 22. Ka1 Rb6 23. h5 Kg8 24. Qc3 Rfb8 25. Rc2 Be8 26. Bf3 h6 27. Bxd5+
cxd5 28. Nxd5 Qe6 29. Nxb6 axb6 30. f4 Ng4 31. Qxc4 Qxc4 32. Rxc4 Nxe3 33. Rc7
Nd5 34. Ra7 Rc8 35. a4 Rc4 36. Rd1 Nxf4 37. Rd8 Re4 38. b4 Kh7 39. Rb8 Nd5 40.
g4 fxg4 41. Rbb7 Rxb4 42. Rxg7+ Kh8 43. Rh7+ Kg8 44. Rag7+ Kf8 45. Rb7 Nf6 46.
Rxh6 Ng8 47. Rhxb6 Rxa4+ 48. Kb2 Bxh5 49. Rh7 Be8 50. Rbb7 Rf4 51. Rhg7 Nh6 52.
Ra7 Nf7 53. Rg6 Ne5 54. Rh6 Bf7 55. Ra5 Kg7 56. Rha6 Nc4+ 57. Kc2 Nxa5 58. Rxa5
Kg6 59. Kd2 g3 60. Ke3 g2 0-1